| 000 | 00591cam a2200241ua 4500 | ||
|---|---|---|---|
| 020 | _cRs 6.00 | ||
| 041 |
_amal _h |
||
| 082 |
_a512 _bSEE/TEE |
||
| 100 | _aSeetharaman, V . | ||
| 245 |
_aText Book of Algebra / _cV Seetharaman. _hTextual Documents |
||
| 250 |
_a3 / _b. |
||
| 260 |
_aChennai : _bNational Publishing House , _c1963. |
||
| 300 | _a492 ; . | ||
| 365 | _aRs 6.00 | ||
| 504 | _a | ||
| 650 | _aAlgebra | ||
| 700 | 1 | _aKrishnankutty Menon, V . | |
| 942 | _cBK | ||
| 999 |
_c4144 _d4144 |
||